LEADER 00794nam a2200217 i 4500 001 000000074320 003 CaOOAMICUS 005 20181002103507.0 008 070502s1948 it u000 u ita u 013 $a45492 040 $aSeMil$bita 100 1 $aRomaṇ, Angelo,$d<1920-1989>.$0(OLS)http://semarc/name/108201 245 10$aSilvio Pellico /$cAngelo Romaṇ. 260 $aBrescia :$bMorcelliana,$ccopyr. 1948. 300 $a229 p. ;$c19 cm. 650 04$aPellico, Silvio <1789-1854>.$0(OLS)http://semarc/subject/4157 850 $aSeMil 852 $aSeMil$W1$xVenegono$y1$m1C II 50$j40472$B40472$CSeMilBibl$Z2$F40476 $81 996 $6245$aSilvio Pellico$9(OLS)http://semarc/title/120559 996 $6260$aBrescia :$bMorcelliana$9(OLS)http://semarc/publisher/29629 LEADER 01105nam a2200265 i 4500 001 000000116959 003 CaOOAMICUS 005 20030704000000.0 008 030704s1992 it u000 u ita u 013 $a89648 020 $a88-384-1676-1 040 $aSeMil$bita 100 1 $aBaracco, Lino.$0(OLS)http://semarc/name/28234 245 10$aRitrovare le radici :$bscuola di preghiera per rinnovare la vita /$cLino Baracco. 260 $aCasale Monferrato (AL) :$bPiemme,$c1992. 300 $a133 p. ;$c21 cm. 500 $aContiene : Bibliografia essenziale. - Fondo Card. C.M. Martini. 650 4$aPreghiera - Introduzioni.$0(OLS)http://semarc/subject/3573 850 $aSeMil 852 $aSeMil$W1$xVenegono$y1$m3F III 58$j72359$B72359$CSeMilBibl$Z2$F91168 $81 941 1 $a4 961 $aOmaggio: Martini Card. Carlo Maria 996 $6020$a88-384-1676-1$9(OLS)http://semarc/number/101223 996 $6245$aRitrovare le radici :$bscuola di preghiera per rinnovare la vita$9(OLS)http://semarc/title/171595 996 $6260$aCasale Monferrato (AL) :$bPiemme$9(OLS)http://semarc/publisher/30052